01355naa#a2200289#i#4500001001600000005001700016011001400033100004100047101000800088102000700096200015000103210011400253215001100367608004500378675014400423700003000567700004200597700003700639700002900676700007600705700005600781700005200837700005000889700005800939700005400997856001401051RU\\bibl\11131420260605060111.5##a2782-490X##a20251230b2025####ek#y0rusy0150####ca0#aRUS##aRU1#aВЫДЕЛЕНИЕ МИКРООРГАНИЗМОВ ИЗ ПОЧВ, ЗАГРЯЗНЕННЫХ ДИОКСИНАМИeЖурнальная статья1#aКазаньcКазанский государственный аграрный университетd2025##a11 с.##aЖурнальная статья2local##aОпыты с микроорганизмами. 631.427.4aСельскохозяйственная микробиология. 579.64zRUS#1aНгоgКао Кыонг#1aНгуен Тхи КимgТхань #1aНгуен ВьетgКыонг #1aЛе ВанgТханг #1aСапармырадовgКеремли Ашурмухамедович#1aКомиссаровgЭрнест Наилевич#1aФроловgМихаил Дмитриевич#1aСухановgАртемий Юрьевич#1aТрахтманgНаталия Викторовна#1aВалидовgШамиль Завдатович4#azh-szf.ru